Beskydy panoramatické /
| Hlavní autor: | Sikula, Petr, 1941- |
|---|---|
| Jazyk: | Němčina Polština Čeština Angličtina |
| Vydáno: |
Ostrava : Montanex, 2002 |
| Edice: |
Tady jsme doma
|
| Témata: | |
| Fyzický popis: |
110 s. : barev. il. ; 22 x 30 cm |
| Language note: |
Souběžný anglický, německý a polský text |
|
| LEADER | 01278nam a2200373 a 4500 | ||
|---|---|---|---|
| 001 | 000633663 | ||
| 003 | CZ BrMZK | ||
| 005 | 20090714124832.0 | ||
| 007 | ta | ||
| 008 | 021030s2002 xr g cze d | ||
| 015 | |a cnb001190506 | ||
| 035 | |a (OCoLC)53262283 | ||
| 040 | |a BOA001 |b cze | ||
| 041 | 1 | |a cze |a eng |a ger |a pol | |
| 043 | |a e-xr--- |a e-xo--- |b e-xr-mr |2 czenas | ||
| 072 | 7 | |a 913(4) |x Geografie Evropy, reálie, cestování |2 Konspekt |9 7 | |
| 080 | |a 908(437.32-18) |2 MRF | ||
| 080 | |a 908(437.6) |2 MRF | ||
| 080 | |a (084.12) |2 MRF | ||
| 100 | 1 | |a Sikula, Petr, |d 1941- |7 jn20000728614 |4 pht | |
| 245 | 1 | 0 | |a Beskydy panoramatické / |c Petr Sikula |
| 246 | 3 | 1 | |a Panoramatische Beskiden |
| 246 | 3 | 1 | |a Beskidy panoramatyczne |
| 246 | 3 | 1 | |a Panoramic Beskids |
| 260 | |a Ostrava : |b Montanex, |c 2002 | ||
| 300 | |a 110 s. : |b barev. il. ; |c 22 x 30 cm | ||
| 490 | 1 | |a Tady jsme doma | |
| 546 | |a Souběžný anglický, německý a polský text | ||
| 655 | 7 | |a fotografické publikace |7 fd132276 |2 czenas | |
| 651 | 7 | |a Moravskoslezské Beskydy (Česko a Slovensko : pohoří) |7 ge134377 |2 czenas | |
| 830 | 0 | |a Tady jsme doma |0 s | |
| 910 | |a BOA001 |b 4-1108.399 | ||
| 990 | |a BK | ||
| 996 | 6 | |b 2610173637 |c 4-1108.399 |l MZK |r Sklad / do 1 hodiny |n 0 |p p.v. |w 000633663 |u 000010 |a 1 |e BOA001 |j MZK50 |s P | |
English
Čeština 